000 00411nam a22001697a 4500
003 koha_MIRAKIL
005 20231213100018.0
008 231213b |||||||| |||| 00| 0 ||| d
020 _b978-6-05-552370-1
040 _aTR-IsEVY
_btur
_cTR-IsEVY
082 _a928 CLA/M
100 _aClay, Cassius M.
245 0 _aMuhammed Ali
260 _bZafer Yayınları,
_c2013
300 _a94 s.
942 _2ddc
_cBK
999 _c13096
_d13096